Tài liệu hướng dẫn giảng dạy đại số lớp 10 hệ 10 năm

Uloženo v:
Podrobná bibliografie
Médium: Kniha
Jazyk:Undetermined
Vydáno: Hà Nội Giáo Dục 1976
Témata:
Tagy: Přidat tag
Žádné tagy, Buďte první, kdo otaguje tento záznam!
Thư viện lưu trữ: Trung tâm Học liệu Trường Đại học Cần Thơ
LEADER 00548nam a2200169Ia 4500
001 CTU_17575
008 210402s9999 xx 000 0 und d
082 |a 372.851 
082 |b T103/L10 
245 0 |a Tài liệu hướng dẫn giảng dạy đại số lớp 10 
245 0 |b hệ 10 năm 
260 |a Hà Nội 
260 |b Giáo Dục 
260 |c 1976 
650 |a mathematics - study and teaching ( secondary ) 
904 |i Nguyễn Quang Điền, 960601 
980 |a Trung tâm Học liệu Trường Đại học Cần Thơ